Skoczkowie narciarscy ze zwycięstwem PŚ na mamuciej skoczni - Statystyki

Ogólne statystyki
  • Ten quiz został rozwiązany 55 razy
  • Średni wynik to 28 z 57
Statystyki odpowiedzi
# Liczba
zwycięstw
Państwo Skoczek narciarski % Poprawnych
4. 6 Polska Adam Małysz
100%
12. 3 Słowenia Domen Prevc
100%
7. 5 Polska Kamil Stoch
100%
3. 8 Słowenia Peter Prevc
100%
2. 10 Austria Stefan Kraft
98%
34. 1 Polska Piotr Żyła
90%
12. 3 Japonia Ryoyu Kobayashi
88%
22. 2 Finlandia Janne Ahonen
84%
12. 3 Japonia Noriaki Kasai
84%
34. 1 Słowenia Anže Lanišek
82%
1. 14 Austria Gregor Schlierenzauer
82%
7. 5 Słowenia Timi Zajc
78%
4. 6 Finlandia Matti Nykänen
76%
4. 6 Słowenia Robert Kranjec
71%
34. 1 Austria Thomas Morgenstern
65%
12. 3 Norwegia Halvor Egner Granerud
63%
10. 4 Austria Martin Koch
63%
12. 3 Niemcy Martin Schmitt
63%
7. 5 Austria Andreas Goldberger
61%
22. 2 Niemcy Karl Geiger
61%
34. 1 Japonia Kazuyoshi Funaki
61%
22. 2 Słowenia Jurij Tepeš
59%
22. 2 Niemcy Severin Freund
59%
34. 1 Niemcy Markus Eisenbichler
57%
12. 3 Finlandia Matti Hautamäki
57%
34. 1 Niemcy Richard Freitag
55%
34. 1 Norwegia Robert Johansson
55%
10. 4 Niemcy Sven Hannawald
55%
34. 1 Słowenia Primož Peterka
53%
34. 1 Norwegia Anders Bardal
47%
22. 2 Austria Daniel Huber
45%
34. 1 Norwegia Marius Lindvik
45%
22. 2 Finlandia Harri Olli
43%
34. 1 Finlandia Janne Happonen
43%
34. 1 Norwegia Andreas Stjernen
41%
22. 2 Austria Andreas Widhölzl
41%
22. 2 Norwegia Bjørn Einar Romøren
41%
22. 2 Norwegia Anders Jacobsen
37%
34. 1 Norwegia Roar Ljøkelsøy
37%
12. 3 Japonia Takanobu Okabe
37%
34. 1 Słowenia Žiga Jelar
35%
34. 1 Norwegia Johan Remen Evensen
31%
12. 3 Austria Andreas Felder
29%
22. 2 Austria Hubert Neuper
27%
12. 3 Czechy Jaroslav Sakala
22%
34. 1 Austria Florian Liegl
18%
34. 1 Japonia Hideharu Miyahira
18%
34. 1 Finlandia Risto Jussilainen
16%
34. 1 Austria Stefan Horngacher
16%
34. 1 Szwajcaria Stefan Zünd
8%
34. 1 Japonia Akira Higashi
6%
12. 3 Norwegia Ole Gunnar Fidjestøl
6%
34. 1 Szwecja Staffan Tällberg
4%
22. 2 Austria Alois Lipburger
2%
34. 1 Norwegia Per Bergerud
2%
34. 1 Niemcy Ralf Gebstedt
2%
22. 2 Austria Werner Rathmayr
2%
Nie znaleziono quizów pasujących do podanych kryteriów
Rozkład punktacji
Procent ludzi z każdym wynikiem
Percentyl według liczby udzielonych odpowiedzi
Twoja historia wyników
Nie rozwiązałeś tego quizu